GUERRA AL PIE DE LOS VOLCANES : (Registro nro. 39760)
[ vista simple ]
| 000 -LEADER | |
|---|---|
| fixed length control field | 01022nam a2200217 a 4500 |
| 001 - CONTROL NUMBER | |
| control field | 39760 |
| 005 - DATE AND TIME OF LATEST TRANSACTION | |
| control field | 20180714013418.0 |
| 008 - FIXED-LENGTH DATA ELEMENTS--GENERAL INFORMATION | |
| fixed length control field | 140415s1996 mx 000 0 spa d |
| 020 ## - INTERNATIONAL STANDARD BOOK NUMBER | |
| International Standard Book Number | 9688631868 |
| 041 ## - LANGUAGE CODE | |
| Language code of text/sound track or separate title | spa |
| 082 ## - DEWEY DECIMAL CLASSIFICATION NUMBER | |
| Classification number | 394.25 |
| Item number | DAV |
| 100 1# - MAIN ENTRY--PERSONAL NAME | |
| Personal name | DÁVILA GUTIÉRREZ, JOEL |
| 245 10 - TITLE STATEMENT | |
| Title | GUERRA AL PIE DE LOS VOLCANES : |
| Remainder of title | EL CARNAVAL DE HUEJOTZINGO |
| 250 ## - EDITION STATEMENT | |
| Edition statement | 1a ed. |
| 260 ## - PUBLICATION, DISTRIBUTION, ETC. | |
| Place of publication, distribution, etc. | MEXICO : |
| Name of publisher, distributor, etc. | BENEMERITA UNIVERSIDAD AUTONOMA DE PUEBLA, |
| Date of publication, distribution, etc. | 1996 |
| 300 ## - PHYSICAL DESCRIPTION | |
| Extent | 231 |
| Dimensions | x 18 x 24 |
| 500 ## - GENERAL NOTE | |
| General note | COLECCIÓN PUEBLA |
| 520 ## - SUMMARY, ETC. | |
| Summary, etc. | EL LECTOR ENCONTRARA UNA DESCRIPCION DEL CARNAVAL ACTUAL BASTANTE PRECISA Y CONFIABLE: DETALLADAMENTE SE DESCRIBE, TRAYTANDO DE RECUPERAR LA VISION INTERNA, LO QUE OCURRE EN HUEJOTZINGO, DESDE ENERO CUANDO SE INICIAN LOS PREPARATIVOS PARA ORGANIZAR EL CARNAVAL HASTA EL PRIMER DOMINGO DE CUARESMA, CUANDOM TERMINA LA FIESTA |
| 650 14 - SUBJECT ADDED ENTRY--TOPICAL TERM | |
| Topical term or geographic name entry element | COSTUMBRES POPULARES |
| General subdivision | CARNAVAL |
| -- | HUEJOTZINGO ( PUEBLA ) |
| 700 1# - ADDED ENTRY--PERSONAL NAME | |
| Personal name | CASTILLO ROJAS, ALMA YOLANDA -SERRANO OSORIO, FRANCISCO |
| Relator term | coaut. |
| Withdrawn status | Lost status | Source of classification or shelving scheme | Damaged status | Not for loan | Collection code | Home library | Current library | Shelving location | Date acquired | Source of acquisition | Inventory number | Total Checkouts | Full call number | Barcode | Date last seen | Price effective from | Koha item type |
|---|---|---|---|---|---|---|---|---|---|---|---|---|---|---|---|---|---|
| Dewey Decimal Classification | Consulta en sala | Puebla | Biblioteca Karol Wojtyla | Biblioteca Karol Wojtyla | Área de silencio | 03/12/2013 | Compra | 151000000000000000072569 | 394.25 DAV | 59738 | 05/01/2026 | 03/12/2013 | Libro |